| 000 | 01229naa a22003377a 4500 | ||
|---|---|---|---|
| 001 | BR9406874 | ||
| 003 | BR-BrBNA | ||
| 005 | 20240918181313.0 | ||
| 007 | ta | ||
| 008 | 230509b bl.||||| |||| 00| 0 por d | ||
| 040 |
_aBR-BrBNA _bpor _cBiblioteca Nacional de Agricultura |
||
| 041 | _a(Pt) | ||
| 072 |
_aL02 _b5212 |
||
| 090 | _aL02 BR9406874 | ||
| 100 | 1 | _aLopes, H.O. da S. | |
| 100 | 1 | _aPereira, E.A. | |
| 100 | 1 | _aSoares, W.V. | |
| 100 | 1 | _aPereira, G. | |
| 100 | 1 | _aStringhini, J.H. | |
| 100 | 1 | _aVitti, D.M.S.S. | |
| 245 | 1 | _aAvaliacao dos fosfatos de rocha, como fonte de fosforo na suplementacao mineral de bovinos criados a posto e em regime de confinamento | |
| 260 | 3 |
_aPlanaltina, DF (Brasil): _c1994. |
|
| 500 | _aRelatorio tecnico anual do Centro de Pesquisa Agropecuaria dos Cerrados 1987/1990 Planaltina, DF (Brasil): 1994. p. 335-339 (BR9406874-AM)L02 | ||
| 650 | _aBovino | ||
| 650 | _aFosfato de Rocha | ||
| 650 | _aSuplemento Mineral | ||
| 650 | _aConfinamento | ||
| 773 | 0 |
_tRelatorio tecnico anual do Centro de Pesquisa Agropecuaria dos Cerrados 1987/1990 _wL02 BR9406874 _gPlanaltina, DF (Brasil), 1994. p. 335-339 |
|
| 909 |
_a202404 _bLucia _c55 _dLucia Elande |
||
| 942 |
_cAM _2AGRIS |
||
| 999 |
_c324651 _d324651 |
||